000 00780nam a22002417a 4500
001 3499
003 FISKH
005 20240313141011.0
008 240313b cb ||||| |||| 00| 0 eng d
040 _aFISK
_beng
_cFISK
_dFISK
050 _aE450.H315
082 _a973.7115
100 _aHaskins Jim
_d1941-2005
245 _aGet on board /
_bThe story of the underground railroad
_c Jim Haskins
260 _aNew York :
_bScholastic,
_c1993
300 _a152 pages :
_billustrations,
_c20 cm
505 _aZ
520 _aDiscusses the Underground Railroad, the secret, loosely organized network of people and places that helped many slaves escape north to freedom.
521 8 _a1180
_bLexile
700 _aJim Haskins
942 _2ddc
_cBK
_n0
999 _c3499
_d3499